FIFAコンフェデレーションズカップ出場国 - Statistics

General Stats
  • This quiz has been taken 15 times
  • The average score is 56 of 64
Answer Stats
年度 国名 出場資格 % Correct
南アフリカ アフリカネイションズカップ1996優勝
100%
2001 日本 AFCアジアカップ2000優勝・2002FIFAワールドカップ開催国
100%
日本 AFCアジアカップ2000優勝
100%
日本 AFCアジアカップ2004優勝
100%
2009 南アフリカ 2010FIFAワールドカップ開催国
100%
イタリア 2006FIFAワールドカップ優勝
100%
日本 AFCアジアカップ2011優勝
100%
イタリア UEFA EURO 2012準優勝
100%
1997 サウジアラビア AFCアジアカップ1996優勝・開催国
92%
メキシコ 1996CONCACAFゴールドカップ優勝
92%
ウルグアイ コパ・アメリカ1995優勝
92%
オーストラリア OFCネイションズカップ1996優勝
92%
ブラジル 1994FIFAワールドカップ優勝
92%
1999 メキシコ 1998CONCACAFゴールドカップ優勝・開催国
92%
サウジアラビア AFCアジアカップ1996優勝
92%
アメリカ 1998CONCACAFゴールドカップ準優勝
92%
ニュージーランド OFCネイションズカップ1998優勝
92%
ドイツ UEFA EURO '96 優勝
92%
ブラジル 1998FIFAワールドカップ準優勝・コパ・アメリカ1997優勝
92%
韓国 2002FIFAワールドカップ開催国
92%
カメルーン アフリカネイションズカップ2000優勝
92%
ブラジル コパ・アメリカ1999優勝
92%
オーストラリア OFCネイションズカップ2000優勝
92%
フランス 1998FIFAワールドカップ優勝・UEFA EURO 2000優勝
92%
メキシコ FIFAコンフェデレーションズカップ1999優勝
92%
2003 フランス UEFA EURO 2000優勝・FIFAコンフェデレーションズカップ2001優勝・開催国
92%
カメルーン アフリカネイションズカップ2002優勝
92%
アメリカ 2002CONCACAFゴールドカップ優勝
92%
ニュージーランド OFCネイションズカップ2002優勝
92%
ブラジル 2002FIFAワールドカップ優勝
92%
2005 ドイツ 2006FIFAワールドカップ開催国
92%
メキシコ 2003CONCACAFゴールドカップ優勝
92%
アルゼンチン コパ・アメリカ2004準優勝
92%
オーストラリア OFCネイションズカップ2004優勝
92%
ギリシャ UEFA EURO 2004優勝
92%
ブラジル 2002FIFAワールドカップ優勝・コパ・アメリカ2004優勝
92%
アメリカ 2007CONCACAFゴールドカップ優勝
92%
ブラジル コパ・アメリカ2007優勝・FIFAコンフェデレーションズカップ2005優勝
92%
ニュージーランド OFCネイションズカップ2008優勝
92%
2013 ブラジル 2014FIFAワールドカップ開催国
92%
ナイジェリア アフリカネイションズカップ2013優勝
92%
メキシコ 2011CONCACAFゴールドカップ優勝
92%
ウルグアイ コパ・アメリカ2011優勝
92%
ドイツ 2014FIFAワールドカップ優勝
92%
オーストラリア AFCアジアカップ2015優勝
92%
メキシコ CONCACAFカップ優勝・2015CONCACAFゴールドカップ優勝
92%
ニュージーランド OFCネイションズカップ2016優勝
92%
ポルトガル UEFA EURO 2016優勝
92%
カメルーン アフリカネイションズカップ2017優勝
92%
エジプト アフリカネイションズカップ1998優勝
85%
カナダ 2000CONCACAFゴールドカップ優勝
85%
コロンビア コパ・アメリカ2001優勝
85%
トルコ 2002FIFAワールドカップ3位
85%
イラク AFCアジアカップ2007優勝
85%
エジプト アフリカネイションズカップ2008優勝
85%
2017 ロシア 2018FIFAワールドカップ開催国
85%
チェコ UEFA EURO '96 準優勝
77%
チリ コパ・アメリカ2015優勝
77%
ボリビア コパ・アメリカ1997準優勝
69%
チュニジア アフリカネイションズカップ2004優勝
69%
アラブ首長国連邦 AFCアジアカップ1996準優勝
54%
タヒチ OFCネイションズカップ2012優勝
38%
スぺイン UEFA EURO 2008優勝
15%
スぺイン 2010FIFAワールドカップ優勝・UEFA EURO 2012優勝
15%
No matching quizzes found
Score Distribution
Percent of People with Each Score
Percentile by Number Answered
Your Score History
You have not taken this quiz